000 00857nam a2200241 a 4500
999 _c11158
_d11158
001 11158
003 BD-JhCC
005 20190921103517.0
008 190604b20172018bg a|||| ||a| 000 0 ben d
020 _a9789849240464
035 _a(BD-JhCC)11158
040 _aBD-JhCC
_dBD-JhCC
041 _aben
082 _bGOL 2018
_a891.4435
245 _aগোল্লাছুট সেরা গল্প /
_cসম্পাদনা: জাফর আহমদ রাশেদ, মো: সাইফুল্লাহ ।
260 _aঢাকা:
_bপ্রথমা প্রকাশন;
_c২০১৮.
300 _a৯৩ পৃঃ . :
_bill;
_c২৪ সেমি.
650 _aJuvenile
650 _aShort story
700 _aরাশেদ, জাফর আহমদ
700 _aসাইফুল্লাহ, মো:
942 _2ddc
_cBK